[Event "Jihlavanka Cup GMB"]
[Site "Olomouc CZE"]
[Date "2007.08.07"]
[Round "9"]
[White "Hasangatin,R"]
[Black "Tikkanen,H"]
[Result "1/2-1/2"]
[WhiteElo "2476"]
[BlackElo "2394"]

1.c4 e6 2.Nf3 d5 3.b3 Nf6 4.g3 Nbd7 5.Bb2 Bd6 6.Nc3 c6 7.Bg2 O-O 8.O-O Re8
9.Qc2 a6 10.d4 b5 11.c5 Bc7 12.b4 a5 13.a3 e5 14.e4 dxe4 15.Nxe4 Nxe4 16.Qxe4 Nf6
17.Qc2 e4 18.Ne5 Qd5 19.f3 Bf5 20.Bh1 Bg6 21.Nxg6  1/2-1/2

[Event "Open"]
[Site "Olomouc CZE"]
[Date "2007.08.09"]
[Round "9"]
[White "Aguettaz,M"]
[Black "Hilgendorff,F"]
[Result "1-0"]
[WhiteElo "2356"]
[BlackElo "1943"]

1.c4 e6 2.Nf3 d5 3.d4 f5 4.cxd5 exd5 5.Nc3 Nf6 6.Bf4 c6 7.e3 Be7 8.Bd3 O-O
9.Ne5 Ne4 10.f3 Nd6 11.Qc2 a5 12.a3 Bd7 13.O-O Na6 14.Na4 Re8 15.Bxa6 bxa6
16.Nxc6 Rc8 17.Nxe7+ Qxe7  1-0

[Event "ch-Euro Rapid Women"]
[Site "Predeal ROM"]
[Date "2007.08.09"]
[Round "8"]
[White "Marin,Ir"]
[Black "Cosma,E"]
[Result "1-0"]
[WhiteElo "2166"]
[BlackElo "2370"]

1.c4 e6 2.Nf3 d5 3.b3 Be7 4.Bb2 Bf6 5.Nc3 Ne7 6.g3 c5 7.Bg2 Nbc6 8.O-O O-O
9.d3 b6 10.Re1 Bb7 11.Rb1 Rc8 12.Nb5 Bxb2 13.Rxb2 d4 14.e3 a6 15.Na3 dxe3
16.fxe3 Nb4 17.Rd2 Qc7 18.d4 Rcd8 19.Nc2 Nxa2 20.Qa1 Nb4 21.Nxb4 cxb4 22.e4 h6
23.d5 Ng6 24.Bh3 exd5 25.exd5 Qc5+ 26.Qd4 Rd6 27.Rde2 Qxd4+ 28.Nxd4 b5 29.Nf5 Rdd8
30.Ne7+ Nxe7 31.Rxe7 Bc8 32.Bxc8 Rxc8 33.d6 bxc4 34.d7 Rb8 35.Re8 Rd8 36.Rxd8 Rxd8
37.Re8+ Kh7 38.Rxd8 cxb3 39.Re8  1-0

[Event "KRK WGM"]
[Site "Dobrinj CRO"]
[Date "2007.08.10"]
[Round "8"]
[White "Franciskovic,B"]
[Black "Voicu,C"]
[Result "0-1"]
[WhiteElo "2273"]
[BlackElo "2335"]

1.c4 e6 2.Nf3 d5 3.g3 Nf6 4.Bg2 dxc4 5.Qa4+ c6 6.Qxc4 b5 7.Qb3 Bb7 8.O-O a6
9.a4 Nbd7 10.d4 Be7 11.Bg5 O-O 12.Nc3 b4 13.Bf4 c5 14.Nb1 cxd4 15.Nxd4 Bxg2
16.Kxg2 Nc5 17.Qd1 Qd5+ 18.Nf3 Nb3 19.Qxd5 Nxd5 20.Ra2 Nxf4+ 21.gxf4 Rac8
22.e3 Rfd8 23.Re1 Rc2 24.Kf1 Bf6 25.Ne5 Bh4 26.a5 Bxf2 27.Re2 Rxe2 28.Kxe2 Nc1+
29.Kxf2 Nxa2 30.Ke1 f6 31.Nc4 Nc1 32.Nbd2 Nd3+ 33.Ke2 Kf7 34.Nb3 e5 35.fxe5 fxe5
36.Nbd2 Ke6 37.Ne4 h6 38.Kf3 Rd5 39.Ke2 Nc5 40.Ned2 Nb7 41.Nb3 e4 42.Ke1 h5
43.Nd4+ Kf6  0-1

[Event "ch-AUT"]
[Site "Tweng AUT"]
[Date "2007.08.10"]
[Round "7"]
[White "Sommerbauer,N"]
[Black "Genser,H"]
[Result "1/2-1/2"]
[WhiteElo "2462"]
[BlackElo "2347"]

1.c4 e6 2.Nf3 d5 3.e3 Nf6 4.d4 Be7 5.Bd3 O-O 6.O-O b6 7.b3 Bb7 8.Bb2 Nbd7
9.Nc3 c5 10.cxd5 cxd4 11.Nxd4 Nxd5 12.Nxd5  1/2-1/2

[Event "LNA Copa Puma"]
[Site "Argentina ARG"]
[Date "2007.08.11"]
[Round "1"]
[White "Giardelli,S"]
[Black "Garcia,Ez"]
[Result "1-0"]
[WhiteElo "2378"]
[BlackElo "1983"]

1.c4 e6 2.Nf3 d5 3.g3 c6 4.Qc2 f5 5.Bg2 Bd6 6.O-O Nf6 7.d3 O-O 8.Nc3 e5 9.cxd5 cxd5
10.Nb5 Nc6 11.Nxd6 Qxd6 12.Be3 d4 13.Bg5 Be6 14.Rfc1 Nd7 15.Bd2 Bd5 16.b4 Rac8
17.b5 Ne7 18.Qa4 Nc5 19.Qxa7 b6 20.Qa3 Bxf3 21.Bxf3 e4 22.Bg2 Nd5 23.Rc4 Nc7
24.Qb2 N7e6 25.Qc2 e3 26.Be1 f4 27.a4 g5 28.a5 g4 29.axb6 Ng5 30.b7 exf2+
31.Bxf2 Nh3+ 32.Bxh3 gxh3 33.bxc8=Q Rxc8 34.Rxd4 Qe6 35.Qc4  1-0

[Event "ch-AUT"]
[Site "Tweng AUT"]
[Date "2007.08.11"]
[Round "8"]
[White "Balinov,I"]
[Black "Schroll,G"]
[Result "0-1"]
[WhiteElo "2499"]
[BlackElo "2397"]

1.Nf3 e6 2.c4 d5 3.g3 Nf6 4.Bg2 Be7 5.O-O O-O 6.b3 b6 7.Ne5 Bb7 8.Bb2 Qc8
9.Na3 c5 10.d4 dxc4 11.Bxb7 Qxb7 12.Naxc4 Rd8 13.Qc1 cxd4 14.Rd1 Nc6 15.Qf4 Rac8
16.Nxc6 Qxc6 17.Bxd4 Qe4 18.Bxf6 Qxf4 19.gxf4 Bxf6 20.Rac1 Kf8 21.a4 Be7
22.Kg2 Ke8 23.Kf3 Rxd1 24.Rxd1 Rc6 25.Ke4 a6 26.Kd3 Bb4 27.Ra1 f6 28.Ke4 Kf7
29.f5 exf5+ 30.Kxf5 g6+ 31.Kg4 f5+ 32.Kf3 Ke6 33.e4 Bc5 34.Re1 b5 35.axb5 axb5
36.exf5+ Kxf5 37.Na5 Rc7 38.Rc1 Ke5 39.Kg2 Kd4 40.b4 Bb6 41.Nb3+ Kd5 42.Rd1+ Kc4
43.Nd2+ Kxb4 44.Rb1+ Kc5 45.Ne4+ Kc6 46.Nc3 Rf7 47.Nxb5 Rxf2+ 48.Kg3 Rd2
49.Rb3 Rd5 50.Na3 Bc7+ 51.Kf3 Rh5 52.Nc2 Rxh2 53.Rc3+ Kd7 54.Ne3 h5 55.Ke4 Rh4+
56.Kd5 Rf4 57.Rc2 Rf6 58.Ke4 Re6+ 59.Kf3 Bd6 60.Ra2 Bc5 61.Nd5 g5 62.Ra5 Kc6
63.Nb4+ Bxb4 64.Rxg5 h4 65.Rh5 Be7 66.Kg4 Re3 67.Kf4 Rg3  0-1

[Event "X Open"]
[Site "Banyoles ESP"]
[Date "2007.08.18"]
[Round "3"]
[White "Marin,M"]
[Black "Mohota,N"]
[Result "1/2-1/2"]
[WhiteElo "2533"]
[BlackElo "2332"]

1.c4 e6 2.Nf3 d5 3.b3 Nf6 4.g3 Be7 5.Bg2 O-O 6.O-O b6 7.Bb2 Bb7 8.e3 c5 9.Nc3 Nbd7
10.Qe2 Rc8 11.d3 a6 12.Ne1 Rc7 13.f4 d4 14.Nd1 Bxg2 15.Nxg2 dxe3 16.Ndxe3 Re8
17.g4 Nb8 18.g5 Nfd7 19.Ng4 Nc6 20.h4 Nd4 21.Bxd4 cxd4 22.Qe1 Bf8 23.Qg3 Kh8
24.Rae1 f5 25.gxf6 gxf6 26.Kh1 Nc5 27.Rf3 Rg7 28.Qh3 a5 29.h5 Be7 30.Nh4 f5
31.Ng6+ hxg6 32.hxg6+ Kg8 33.Nh6+ Kf8 34.Nf7 Qa8 35.Qh8+ Rg8 36.Qh6+ Rg7
37.Qh8+ Rg8 38.Qh6+ Rg7 39.Qh8+  1/2-1/2

[Event "1st Serbian League Men"]
[Site "Zlatibor SRB"]
[Date "2007.08.21"]
[Round "1"]
[White "Paunovic,D"]
[Black "Blagojevic,Dr"]
[Result "1/2-1/2"]
[WhiteElo "2531"]
[BlackElo "2502"]

1.c4 e6 2.Nf3 d5 3.d4 Nf6 4.Nc3 c6 5.Bg5 Nbd7 6.e3 Qa5 7.Nd2 dxc4 8.Bxf6 Nxf6
9.Nxc4 Qc7 10.Be2 Be7 11.a3 O-O 12.Rc1 Rd8 13.O-O Bd7 14.b4 Be8 15.Qb3 Nd5
16.Ne4 b6 17.Rc2 a5  1/2-1/2

[Event "Acropolis Open"]
[Site "Athens GRE"]
[Date "2007.08.22"]
[Round "9"]
[White "Mastrovasilis,A"]
[Black "Kapnisis,S"]
[Result "1-0"]
[WhiteElo "2538"]
[BlackElo "2412"]

1.c4 e6 2.Nf3 d5 3.e3 dxc4 4.Bxc4 Nf6 5.d4 c5 6.O-O a6 7.dxc5 Bxc5 8.Qxd8+ Kxd8
9.Nbd2 b6 10.Be2 Bb7 11.Ne5 Ke7 12.Nd3 Nbd7 13.b3 a5 14.Nxc5 bxc5 15.Ba3 Ba6
16.Bxa6 Rxa6 17.Rfc1 Rc8 18.e4 Kd8 19.f3 a4 20.Kf2 Ne5 21.Ke2 Nfd7 22.b4 cxb4
23.Bxb4 Rac6 24.Rxc6 Rxc6 25.Rb1 Rc2 26.a3 Nc4 27.Kd3 Nxd2 28.Rd1 Nc4 29.Kxc2 Ne3+
30.Kc1 Nxd1 31.Kxd1 Kc7 32.Kd2 Kc6 33.Kd3 Kb5 34.Kd4 Nb8 35.Bf8 Nc6+ 36.Kd3 Ne5+
37.Kd4 Nc6+ 38.Kc3 g6 39.Bd6 Na5 40.Kd4 Nc6+ 41.Kd3 Na5 42.h3 Nc4 43.Bf8 Ne5+
44.Kd4 Nc6+ 45.Kc3 Ne5 46.f4 Nc6 47.g4 h5 48.gxh5 gxh5 49.Kd3 Na5 50.Bb4 Nc6
51.Bd6 Na5 52.Kd4 Nc6+ 53.Kc3 Na5 54.Kd3 Nc6 55.f5 Na5 56.Bf8 Nc6 57.Bd6 Na5
58.h4 Nc4 59.Be7 Ne5+ 60.Ke3 Kc4 61.Kf4 Nc6 62.f6 Kd4 63.Kg5 Kxe4 64.Kxh5 Kf5
65.Kh6 Ne5 66.Kg7 Kg4 67.Bd6 Nd7 68.Kxf7 Kxh4 69.Kxe6 Nxf6 70.Kxf6 Kg4 71.Kg6 Kh4
72.Bf4 Kg4 73.Bg5 Kf3 74.Kf5 Kg3 75.Be7 Kf3 76.Bc5 Kg3 77.Be7 Kf3 78.Bd6 Ke3
79.Ke5 Kf3 80.Bb8 Kg4 81.Kd5 Kf5 82.Be5 Kg5 83.Ke6 Kg4 84.Kf6 Kf3 85.Kf5 Ke3
86.Bg7 Kd3 87.Ke6 Kc4 88.Kd7 Kb5 89.Kc7 Ka6 90.Bd4 Kb5 91.Kd6 Ka6 92.Kc6 Ka5
93.Kb7 Kb5 94.Bb6 Kc4 95.Kc6 Kb3 96.Bc5 Kc4 97.Be3 Kb3 98.Bc1 Kc4 99.Bb2 Kb3
100.Kb5  1-0

[Event "129th ch-New York State"]
[Site "New York USA"]
[Date "2007.09.01"]
[Round "1"]
[White "Frumkin,E"]
[Black "Parry,M"]
[Result "0-1"]
[WhiteElo "2029"]
[BlackElo "2292"]

1.c4 e6 2.Nf3 d5 3.g3 dxc4 4.Bg2 a6 5.a4 Nc6 6.Na3 e5 7.Nxc4 e4 8.Nfe5 Qd5
9.f4 Nxe5 10.Nxe5 f6 11.Nd3 Bh3 12.Bxh3 exd3 13.O-O Qh5 14.Bg2 dxe2 15.Re1 Bc5+
16.Kh1 O-O-O 17.Qxe2 Qxe2 18.Rxe2 Nh6 19.b3 Bd4 20.Rb1 Rhe8 21.Rxe8 Rxe8
22.Ba3 Re2 23.Bb4 Ng4 24.h3 Nf2+ 25.Kh2 Nd3 26.Bc3 Bxc3 27.dxc3 Ne1  0-1

[Event "ch-Africa Men"]
[Site "Windhoek NAM"]
[Date "2007.09.01"]
[Round "1"]
[White "Eichab,C"]
[Black "Abdel Razik,K"]
[Result "0-1"]
[WhiteElo "2062"]
[BlackElo "2372"]

1.c4 e6 2.Nf3 d5 3.b3 c5 4.e3 Nc6 5.d4 Nf6 6.Bb2 cxd4 7.Nxd4 Bb4+ 8.Bc3 Bd6
9.cxd5 exd5 10.Nxc6 bxc6 11.Nd2 Ng4 12.Nf3 O-O 13.Be2 Re8 14.O-O Qe7 15.Qd4 f6
16.Rac1 Bc5 17.Qd3 Nxe3 18.Rfe1 Ng4 19.Bd4 Bb4 20.Bc3 Ne5 21.Qd2 Ba3 22.Rcd1 Bd6
23.Nd4 Qc7 24.f4 Ng6 25.g3 Nxf4 26.gxf4 Bxf4 27.Qc2 Bxh2+ 28.Kh1 Bg3 29.Rf1 Re4  0-1

[Event "3rd Geller mem Open A"]
[Site "Odessa UKR"]
[Date "2007.09.08"]
[Round "1"]
[White "Kovaleva,M"]
[Black "Vasilevich,T"]
[Result "0-1"]
[WhiteElo "2042"]
[BlackElo "2377"]

1.c4 e6 2.Nf3 d5 3.g3 Nf6 4.Bg2 Be7 5.O-O O-O 6.cxd5 exd5 7.d4 h6 8.Nc3 c5
9.b3 Nc6 10.Bb2 Bg4 11.dxc5 Bxc5 12.Rc1 Be7 13.Qd3 Qd7 14.Rfd1 Rfd8 15.Nd4 Rac8
16.Rd2 Qe8 17.h3 Be6 18.Nxe6 fxe6 19.Qb5 Rc7 20.e4 d4 21.Na4 Bb4 22.Rdd1 a6
23.Qe2 Nd7 24.a3 Bf8 25.b4 b5 26.Nc5 Nxc5 27.bxc5 e5 28.Qd2 Nb8 29.f4 Rxc5
30.fxe5 Qxe5 31.Qd3 Nc6 32.Rf1 Rxc1 33.Bxc1 Qe6 34.Rf5 Ne5 35.Qf1 d3 36.Bf4 d2
37.Qd1 Nc4  0-1

[Event "Open"]
[Site "Nelson NZL"]
[Date "2007.10.06"]
[Round "7"]
[White "Johansen,D"]
[Black "Chandler,M"]
[Result "1/2-1/2"]
[WhiteElo "2446"]
[BlackElo "2540"]

1.c4 e6 2.Nf3 d5 3.d4 Nf6 4.Bg5 h6 5.Bxf6 Qxf6 6.Nc3 c6 7.e3 Nd7 8.Bd3 g6
9.O-O Bg7 10.cxd5 exd5 11.b4 Qd6 12.Qb3  1/2-1/2

[Event "IV Amateur Open"]
[Site "Calvia ESP"]
[Date "2007.10.13"]
[Round "8"]
[White "Bergas Ferriol,J"]
[Black "Ferrer Roig,J"]
[Result "1-0"]
[WhiteElo "2058"]
[BlackElo "2130"]

1.c4 e6 2.Nf3 d5 3.d4 c5 4.cxd5 exd5 5.Nc3 Nc6 6.g3 Nf6 7.Bg2 Bg4 8.Be3 c4
9.O-O Be7 10.Ne5 Be6 11.Nxc6 bxc6 12.f3 O-O 13.Qd2 Qa5 14.Rfc1 Qb4 15.Nd1 a5
16.Qc2 c5 17.a3 Qb6 18.Qd2 Rab8 19.dxc5 Bxc5 20.Bxc5 Qxc5+ 21.e3 Rfd8 22.Qd4 Nd7
23.Rc2 Rb3 24.Rd2 Qxd4 25.exd4 Rdb8 26.Rc1 R3b5 27.g4 Nf8 28.Kf2 g5 29.Rcc2 Ng6
30.Bf1 Nf4 31.Nc3 R5b7 32.Na4 Re7 33.Nc5 Bc8 34.Rc3 f5 35.h3 h5 36.gxh5 Nxh5
37.b3 cxb3 38.Rxb3 Rxb3 39.Nxb3 a4 40.Nc5 Nf4 41.Nxa4 Ra7 42.Nb6 Ba6 43.a4 Bxf1
44.Kxf1 Ra6 45.Rb2 Nxh3 46.Rb5 Nf4 47.a5 g4 48.fxg4 fxg4 49.Nxd5 Nxd5 50.Rxd5 Kf7
51.Kg2 Ke6 52.Re5+ Kf6 53.Rb5 Ke7 54.Kg3 Rc6 55.Rb7+ Kd6 56.Rb6 Rxb6 57.axb6 Kc6
58.Kxg4 Kxb6 59.Kf5  1-0

[Event "FIDE"]
[Site "Corsico ITA"]
[Date "2007.10.14"]
[Round "7"]
[White "Vancini,E"]
[Black "Sbarra,M"]
[Result "1-0"]
[WhiteElo "2290"]
[BlackElo "2220"]

1.c4 e6 2.Nf3 d5 3.g3 c5 4.Bg2 Nc6 5.O-O Nf6 6.b3 Be7 7.e3 O-O 8.Bb2 b6 9.Nc3 Bb7
10.cxd5 Nxd5 11.Nxd5 Qxd5 12.d4 Rad8 13.Ne5 Qd6 14.Nxc6 Bxc6 15.Qg4 h5 16.Qxh5 Bxg2
17.Kxg2 Bf6 18.Rfd1 Rd7 19.Qf3 Qb8 20.Rd2 cxd4 21.Rad1 e5 22.exd4 exd4 23.Bxd4 Bxd4
24.Rxd4 Rxd4 25.Rxd4 Rd8 26.Rc4 a5 27.h4 b5 28.Rc5 Qb6 29.Rf5 Rd7 30.Re5 a4
31.Re8+ Kh7  1-0

[Event "IV Veterans"]
[Site "Calvia ESP"]
[Date "2007.10.19"]
[Round "5"]
[White "Suba,M"]
[Black "Zoltek,T"]
[Result "1-0"]
[WhiteElo "2502"]
[BlackElo "2223"]

1.c4 e6 2.Nf3 d5 3.b3 d4 4.e3 Nc6 5.Bb2 e5 6.a3 a5 7.exd4 exd4 8.Bd3 Qe7+
9.Qe2 Bg4 10.Be4 Bxf3 11.Bxf3 Qxe2+ 12.Bxe2 Bc5 13.d3 Nf6 14.Nd2 O-O 15.O-O Rad8
16.Rfe1 Rfe8 17.Nf3 Kf8 18.Bc1 h6 19.Bd2 Rd7 20.Bf1 Rxe1 21.Nxe1 Rd8 22.Nc2 Ra8
23.g3 Ne5 24.Kg2 Nc6 25.Be2 Ne8 26.f4 Ra7 27.h3 Be7 28.Bf3 Bf6 29.Bxc6 bxc6
30.c5 g6 31.b4 Ng7 32.g4 axb4 33.axb4 Rxa1 34.Nxa1 Ke8 35.Nb3 Ne6 36.Kf3 Kd7
37.Ke4 h5 38.gxh5 gxh5 39.f5 Ng5+ 40.Bxg5 Bxg5 41.Kxd4 Bf6+ 42.Kc4 Bg7 43.Nd2 Be5
44.Ne4  1-0

[Event "IV Veterans"]
[Site "Calvia ESP"]
[Date "2007.10.21"]
[Round "7"]
[White "Gutierrez Leon,C"]
[Black "Solsona Manonelles,J"]
[Result "1/2-1/2"]
[WhiteElo "1963"]
[BlackElo "1830"]

1.Nf3 e6 2.c4 d5 3.b3 Be7 4.Bb2 Bf6 5.Qc2 Bxb2 6.Qxb2 Qf6 7.Qxf6 Nxf6 8.e3 O-O
9.Nc3 Nc6 10.Nb5 Ne8 11.Bd3 a6 12.Nbd4 e5 13.Nxc6 e4 14.Ne7+ Kh8 15.Nxd5 exd3
16.Nf4 Bf5 17.Nh4 g5 18.Nxf5 gxf4 19.exf4  1/2-1/2

[Event "IV Veterans"]
[Site "Calvia ESP"]
[Date "2007.10.22"]
[Round "8"]
[White "Zoltek,T"]
[Black "Suslin,A"]
[Result "1-0"]
[WhiteElo "2223"]
[BlackElo "2144"]

1.c4 e6 2.Nf3 d5 3.d4 c6 4.Qc2 Nf6 5.Bg5 Be7 6.e3 Ne4 7.Bxe7 Qxe7 8.Nc3 f5
9.cxd5 exd5 10.Nxd5 Qd6 11.Nc3 Nxc3 12.Qxc3 Be6 13.Bc4 Nd7 14.Rc1 h6 15.Qb3 Bxc4
16.Qxc4 O-O-O 17.O-O g5 18.Rfd1 Kb8 19.Qb3 g4 20.Nd2 h5 21.Nc4 Qd5 22.Qb4 Rh6
23.Qa5 Nf6 24.Qxd5 Rxd5 25.Ne5 Ne4 26.f3 Ng5 27.fxg4 fxg4 28.Rf1 Ne4 29.Rf4 Nf6
30.Rcf1 Nd7 31.Nxd7+ Rxd7 32.Rf8+ Kc7 33.R1f7 Rh7 34.Rxh7 Rxh7 35.Kf2 Kd6
36.Ke2 b6 37.Rf6+ Kd7 38.Kd3 a5 39.e4 b5 40.e5 h4 41.Ke4 g3 42.h3 b4 43.d5 cxd5+
44.Kxd5 Rh8 45.Rf7+ Ke8 46.Ra7 Rh5 47.Kd6 Rf5 48.Ke6  1-0

[Event "13th Venice Autumn"]
[Site "Venice ITA"]
[Date "2007.11.02"]
[Round "2"]
[White "Vancini,E"]
[Black "Rezzuti,V"]
[Result "1-0"]
[WhiteElo "2290"]
[BlackElo "2017"]

1.c4 e6 2.Nf3 d5 3.g3 Nf6 4.Bg2 c6 5.b3 Be7 6.O-O O-O 7.Bb2 Nbd7 8.d4 b6
9.Nc3 Bb7 10.Qc2 Rc8 11.Rad1 Qc7 12.Qb1 a6 13.e4 dxe4 14.Ng5 h6 15.Ngxe4 Nxe4
16.Qxe4 Nf6 17.Qe2 Rfd8 18.Rfe1 Rd7 19.Bh3 Rcd8 20.Qe3 Bf8 21.Ne2 Re7 22.Nf4 c5
23.dxc5 Rxd1 24.Rxd1 Rd7 25.Rxd7 Qxd7 26.cxb6 Qd1+ 27.Bf1 Ng4 28.Qe2 Bc5
29.Nd3 Qxd3 30.Qxg4 Qg6 31.Qxg6 fxg6 32.Be5 Bxb6 33.b4 a5 34.b5 Be4 35.Bd6  1-0

[Event "Elwood Open"]
[Site "Melbourne AUS"]
[Date "2007.11.04"]
[Round "5"]
[White "Johansen,D"]
[Black "Solomon,SJ"]
[Result "1-0"]
[WhiteElo "2446"]
[BlackElo "2465"]

1.c4 e6 2.Nf3 d5 3.d4 c6 4.Nbd2 Nf6 5.e3 c5 6.b3 Nc6 7.Bb2 cxd4 8.exd4 Be7
9.Bd3 O-O 10.O-O b6 11.Rc1 Bb7 12.Qe2 Rc8 13.Rfd1 Qd6 14.c5 Qc7 15.a3 a5
16.Bc3 bxc5 17.dxc5 Ng4 18.h3 d4 19.Bb2 Nge5 20.Nxe5 Qxe5 21.Qxe5 Nxe5 22.Be4 Bxe4
23.Nxe4 f5 24.Nd6 Bxd6 25.cxd6 Rxc1 26.Rxc1 Nd3 27.Rc7 e5 28.d7 Nf4 29.Rc8 Ne6
30.f4 d3 31.Bc3 Kf7 32.Bxa5 Ke7 33.Rxf8 Kxf8 34.Kf2 Ke7 35.d8=Q+ Nxd8 36.Bxd8+ Kxd8
37.fxe5 f4 38.a4 g5 39.Ke1 Ke7 40.Kd2 Ke6 41.a5  1-0

[Event "ch-IND w"]
[Site "Pune IND"]
[Date "2007.11.09"]
[Round "5"]
[White "Baisakhi,D"]
[Black "Pujari,R"]
[Result "0-1"]
[WhiteElo "2101"]
[BlackElo "2061"]

1.c4 e6 2.Nf3 d5 3.g3 Nf6 4.Bg2 Be7 5.d3 O-O 6.Nbd2 c5 7.O-O Nc6 8.a3 b6
9.d4 cxd4 10.b4 Bb7 11.b5 Na5 12.Nxd4 dxc4 13.Bxb7 Qxd4 14.Bxa8 Qxa1 15.Bf3 Qe5
16.a4 Rc8 17.Qc2 Nd5 18.Bxd5 exd5 19.Nf3 Qe4 20.Qa2 Nb3 21.Bg5 Bxg5 22.Nxg5 Qf5
23.h4 d4 24.Re1 h6 25.Nf3 d3 26.Nd2 Nd4 27.Nxc4 Qe6 28.Qd2 Qxc4 29.exd3 Nf3+  0-1

[Event "FSIMB November"]
[Site "Budapest HUN"]
[Date "2007.11.10"]
[Round "8"]
[White "Paschall,W"]
[Black "Adams,N"]
[Result "1/2-1/2"]
[WhiteElo "2352"]
[BlackElo "2220"]

1.c4 e6 2.Nf3 d5 3.e3 c5 4.d4 Nf6 5.a3 Nc6 6.Bd3 cxd4 7.exd4 Be7 8.Nc3 O-O
9.O-O dxc4 10.Bxc4 b6 11.Qd3 Bb7 12.Rd1 Rc8 13.Ba2 Nd5 14.Bb1 g6 15.Ne4 Nb8
16.Bh6 Ba6 17.Qd2 Re8 18.Ba2 Nd7 19.Rac1 Rxc1 20.Rxc1 N7f6 21.Ng3 Qd6 22.Ng5 Rc8
23.Re1 Qc7 24.Bb3 Qd8 25.h4 Nd7 26.Nf3 N5f6 27.Bg5 Bc4 28.Bc2 Ng4 29.Ne5 Ngxe5
30.dxe5 f6 31.exf6 Nxf6 32.Qf4 Bd5 33.Bd3 Qf8 34.h5 Nxh5 35.Nxh5 gxh5 36.Qg3 Bxg5
37.Qxg5+ Qg7 38.Re5 h6 39.Qxg7+ Kxg7 40.Rxh5 Rc1+ 41.Kh2 Rd1 42.Rh3 Rd2 43.Rg3+ Kf6
44.Kg1 Rd1+ 45.Kh2 Rd2 46.Kg1  1/2-1/2

[Event "TCh-FIN 2007-8"]
[Site "Finland FIN"]
[Date "2007.11.17"]
[Round "4"]
[White "Salo,Ta"]
[Black "Kokkila,T"]
[Result "1/2-1/2"]
[WhiteElo "2311"]
[BlackElo "2304"]

1.Nf3 e6 2.c4 d5 3.d4 Nf6 4.Nc3 Be7 5.Bg5 O-O 6.e3 Nbd7 7.Rc1 a6 8.c5 c6
9.Bd3 e5 10.dxe5 Ne8 11.h4 f6 12.exf6 Nexf6 13.Bb1 Nxc5 14.Nd4  1/2-1/2

[Event "WYb14"]
[Site "Kemer TUR"]
[Date "2007.11.25"]
[Round "8"]
[White "Khachykian,D"]
[Black "Aghasaryan,R"]
[Result "1-0"]
[WhiteElo "2114"]
[BlackElo "2201"]

1.c4 e6 2.Nf3 d5 3.d4 c6 4.Qc2 Nf6 5.Nbd2 b6 6.g3 Bb7 7.Bg2 Nbd7 8.e4 dxe4
9.Nxe4 c5 10.Nxf6+ Nxf6 11.O-O cxd4 12.Rd1 Be7 13.Nxd4 Bxg2 14.Kxg2 Qd7 15.Kg1 O-O
16.Nf5 Qb7 17.Nxe7+ Qxe7 18.b3 Rfd8 19.Bb2 Rxd1+ 20.Rxd1 Rd8 21.Rxd8+ Qxd8
22.b4 Nd7 23.Bd4 Qc7 24.a4 f6 25.Qe2 e5 26.Be3 Qc6 27.a5 e4 28.Bd4 f5 29.axb6 axb6
30.Qa2 Kf8 31.Qb3 b5 32.cxb5 Qxb5 33.Qe6 g6 34.Be3 f4 35.Bxf4 g5 36.Bd6+ Kg7
37.Qe7+ Kg8 38.Qxe4 Qa4 39.Qd5+ Kh8 40.b5  1-0

[Event "WYb18"]
[Site "Kemer TUR"]
[Date "2007.11.28"]
[Round "11"]
[White "Catelli,H"]
[Black "Ibarra Chami,L"]
[Result "1/2-1/2"]
[WhiteElo "2168"]
[BlackElo "2416"]

1.c4 e6 2.Nf3 d5 3.b3 Nf6 4.g3 c5 5.Bg2 Nc6 6.O-O Be7 7.Bb2 O-O 8.cxd5 exd5
9.d4 b6 10.dxc5 bxc5 11.Nc3 Be6 12.Na4 Rc8  1/2-1/2

[Event "TCh-AUT 1st Bundesliga 2007-8"]
[Site "Baden AUT"]
[Date "2007.11.30"]
[Round "1"]
[White "Kosten,A"]
[Black "Amann,G"]
[Result "1-0"]
[WhiteElo "2519"]
[BlackElo "2322"]

1.c4 e6 2.Nf3 d5 3.g3 Nf6 4.Bg2 dxc4 5.O-O Nbd7 6.Qa4 a6 7.Qxc4 b5 8.Qc2 Bb7
9.a4 c5 10.axb5 axb5 11.Rxa8 Qxa8 12.Na3 Bc6 13.Nh4 Nd5 14.d4 b4 15.Nc4 cxd4
16.Nf3 N5b6 17.Nxb6 Nxb6 18.Qd3 Bc5 19.Bf4 Nd7 20.Rc1 Be4 21.Ne5 Bxg2 22.Nxd7 Kxd7
23.Rxc5 Rc8 24.Qxd4+ Bd5 25.Rxc8 Kxc8 26.f3 Qa4 27.Qxg7 Qa7+ 28.Kg2  1-0

[Event "TCh-AUT 1st Bundesliga 2007-8"]
[Site "Baden AUT"]
[Date "2007.12.01"]
[Round "2"]
[White "Weiss,C"]
[Black "Tabernig,B"]
[Result "1/2-1/2"]
[WhiteElo "2460"]
[BlackElo "2336"]

1.c4 e6 2.Nf3 d5 3.b3 Nf6 4.Bb2 a5 5.e3 c6 6.Be2 Nbd7 7.O-O Bd6 8.Nc3 O-O
9.Qc2 Qe7 10.d4 dxc4 11.bxc4 e5 12.Ng5 Re8 13.Bf3 h6 14.Nge4 Nxe4 15.Nxe4 Bc7
16.d5 Nf6 17.dxc6 bxc6 18.Qa4 Nxe4 19.Bxe4 Rb8 20.Ba3 Qh4 21.Bxc6 e4 22.g3 Qh3
23.Bxe8 Bg4 24.Bd7 Bxd7 25.Qc2 Re8 26.f4 exf3 27.Rxf3 Bg4 28.Raf1 Bxf3 29.Rxf3 Qg4
30.Kg2 Re4 31.c5 Rc4 32.Qd3 Qe6  1/2-1/2

[Event "CERRADO IM"]
[Site "Mondariz-Balneario ESP"]
[Date "2007.12.29"]
[Round "4"]
[White "Pena Gomez,M"]
[Black "Frois,A"]
[Result "0-1"]
[WhiteElo "2320"]
[BlackElo "2354"]

1.c4 e6 2.Nf3 d5 3.e3 Nf6 4.Be2 c5 5.O-O Nc6 6.Na3 Be7 7.d3 O-O 8.Bd2 b6
9.Rc1 Bb7 10.Qc2 Rc8 11.Qb1 dxc4 12.dxc4 Nb4 13.Bc3 Ne4 14.Rfd1 Qe8 15.Be1 Qa4
16.Nb5 Nf6 17.a3 Be4 18.Nc3 Qxd1 19.Qa1 Qd7 20.axb4 cxb4 21.Nb5 a5 22.b3 Qb7
23.Qe5 Rfd8 24.Nd2 Qb8 25.Qb2 Bd3 26.Bxd3 Rxd3 27.Nd4 e5 28.Nf5 Bc5 29.Nf3 Re8
30.Qb1 Qd8 31.N3d4 e4 32.Ne2 Qd7 33.Nfd4 Bd6 34.Rc2 Be5 35.Ra2 Qd6 36.h3 Nd7
37.Kf1 Nc5 38.Rc2 Bxd4 39.Nxd4 Ne6 40.Ne2 Rd1 41.Rc1 Rxc1 42.Qxc1 Qd3 43.Qb2 Nc5
44.Qd4 Qxd4 45.Nxd4 Ra8 46.Nb5 Nxb3 47.Nc7 Rc8 48.Nd5 Rxc4 49.Nxb6 Rc2 50.f3 Nc5  0-1

[Event "Homenaje a los Hermanos Ingolotti"]
[Site "Ciudad del Este PAR"]
[Date "2008.01.05"]
[Round "3"]
[White "Valiente,C"]
[Black "Soppe,G"]
[Result "0-1"]
[WhiteElo "2273"]
[BlackElo "2426"]

1.c4 e6 2.Nf3 d5 3.e3 Nf6 4.d4 c5 5.Bd3 a6 6.O-O dxc4 7.Bxc4 b5 8.Bb3 Bb7
9.a4 Nbd7 10.Nc3 c4 11.Bc2 b4 12.Ne2 Bd6 13.Ng3 h5 14.e4 h4 15.Nf5 exf5 16.e5 h3
17.Bxf5 hxg2 18.Re1 Be7 19.exf6 Nxf6 20.Bf4 Kf8 21.Ne5 Bd6 22.Nd7+ Qxd7 23.Bxd7 Bxf4
24.h3 Nxd7 25.Qg4 Nf6 26.Qxf4 Rxh3 27.f3 Bxf3  0-1

[Event "TCh-AUT 1st Bundesliga 2007-8"]
[Site "Jenbach AUT"]
[Date "2008.01.10"]
[Round "4"]
[White "Weiss,C"]
[Black "Hulak,K"]
[Result "0-1"]
[WhiteElo "2449"]
[BlackElo "2552"]

1.c4 e6 2.Nf3 d5 3.b3 Nf6 4.Bb2 c5 5.cxd5 exd5 6.e3 Nc6 7.Be2 Bd6 8.O-O O-O
9.d4 cxd4 10.Nxd4 Bc7 11.Nd2 a6 12.N2f3 Re8 13.Qc1 Qd6 14.Nxc6 bxc6 15.Ba3 Qd7
16.Qc2 Ne4 17.Nd4 Bb7 18.Bd3 Bb6 19.Rac1 Rac8 20.b4 Qd6 21.Qb2 Qh6 22.Rfe1 Bc7
23.g3 Be5 24.Bxe4 dxe4 25.Rc4 Qg6 26.Qc2 h5 27.Bb2 a5 28.bxa5 Ba6 29.Rc5 h4
30.Ne2 Bd3 31.Qd2 Bd6 32.Nf4 Qg4 33.h3 Qd7 34.Rg5 f6 35.Bxf6 Bf8 36.Nh5 Qxh3
37.Nxg7 Kf7 38.Bb2 Be7 39.Rf5+ Kg6 40.Nxe8 Qxf5 41.Ng7 Qh3 42.f4 hxg3 43.f5+ Kf7
44.Ne6 g2  0-1

[Event "TCh-AUT 1st Bundesliga 2007-8"]
[Site "Jenbach AUT"]
[Date "2008.01.11"]
[Round "5"]
[White "Bezold,M"]
[Black "Likavsky,T"]
[Result "1/2-1/2"]
[WhiteElo "2521"]
[BlackElo "2494"]

1.c4 e6 2.Nf3 d5 3.b3 Nf6 4.g3 d4 5.Bg2 Nc6 6.O-O e5 7.d3 a5 8.Na3 Bc5 9.Nc2 O-O
10.a3 Qe7 11.Bg5 h6 12.Bxf6 Qxf6 13.Nd2 Qd8 14.Rb1 Re8 15.b4 Bf8 16.b5 Nb8
17.a4 Nd7 18.Nb3 Nc5 19.Nxc5 Bxc5 20.Qd2 Qd6 21.e3 c6 22.exd4 exd4 23.Rfe1 Bf5
24.Be4 Bxe4 25.Rxe4 Rxe4 26.dxe4 d3 27.Ne1 Rd8 28.Rd1 Qd4 29.bxc6 bxc6 30.Nxd3 Bb4
31.Qc2 Qxe4 32.Nxb4 Rxd1+ 33.Qxd1 axb4 34.a5 Qxc4 35.Qa4 Qe4 36.a6 Qe1+ 37.Kg2 Qe4+
38.Kg1 Qe1+ 39.Kg2 Qe4+ 40.Kg1  1/2-1/2

[Event "TCh-AUT 1st Bundesliga 2007-8"]
[Site "Jenbach AUT"]
[Date "2008.01.11"]
[Round "5"]
[White "Schmittdiel,E"]
[Black "Genser,H"]
[Result "1/2-1/2"]
[WhiteElo "2417"]
[BlackElo "2351"]

1.c4 e6 2.Nf3 d5 3.Nc3 Nf6 4.d4 dxc4 5.e3 a6 6.a4 c5 7.Bxc4 Nc6 8.O-O Be7
9.b3 O-O 10.Bb2 cxd4 11.exd4 Nb4 12.Ne5 b6 13.f4 g6 14.Qe2 Qd6 15.Rad1 Bb7
16.Ba3 Qc7 17.Rc1 Qd8 18.Bb2 Qd6 19.Rfd1 Nbd5 20.Qd2 Nxc3 21.Qxc3 Nd5 22.Qg3 Bf6
23.Ra1 Qd8 24.Rf1 Ne7 25.Qd3 Nd5 26.Rae1 Bg7 27.Qh3 Qd6 28.Ra1 Rfe8 29.Ba3 Qd8
30.Bb2 Rf8 31.Rf2 Nc7 32.Ba3 Qxd4 33.Re1 b5 34.Be2 Rfd8 35.Be7 Re8 36.Rd1 Qa7
37.Rd7 Bc8 38.Rd8 Bb7 39.Rd7 Bc8 40.Rd8 Bb7  1/2-1/2

[Event "11th ZNG111 Open"]
[Site "Rijeka CRO"]
[Date "2008.01.11"]
[Round "3"]
[White "Jezidzic,G"]
[Black "Doric,N"]
[Result "1/2-1/2"]
[WhiteElo "2224"]
[BlackElo "2336"]

1.c4 e6 2.Nf3 d5 3.d4 c6 4.cxd5 exd5 5.Nc3 Nf6 6.Bg5 Be7 7.Qc2 g6 8.e3 Bf5
9.Bd3 Bxd3 10.Qxd3 Nbd7 11.O-O O-O 12.Rab1 a5 13.Rfc1 Re8 14.Bxf6 Nxf6 15.Ne5 Bd6
16.f4 Ne4  1/2-1/2